Statistiken für EM Kader 2020 Schweiz

Klicken Sie hier um das Quiz zu spielen!

Allgemein

  • Dieses Quiz wurde 45 mal gespielt
  • Das Durchschnittsergebnis liegt bei 14 aus 28

Antwortstatistiken

PositionAntwort% Korrekt
TWYann Sommer
100%
MFGranit Xhaka
88%
DFManuel Akanji
88%
MFXherdan Shaqiri
85%
TWGregor Kobel
79%
DFNico Elvedi
73%
STHaris Seferovic
64%
MFRemo Freuler
64%
STBreel Embolo
61%
DFFabian Schär
61%
MFDenis Zakaria
55%
TWYvon Mvogo
55%
DFRicardo Rodriguez
52%
DFSilvan Widmer
52%
DFKevin Mbabu
48%
STRuben Vargas
48%
STMario Gavranovic
45%
TWJonas Omlin
39%
TRVladimir Petkovic
39%
MFEdimilson Fernandes
36%
STAdmir Mehmedi
33%
MFDjibril Sow
27%
MFSteven Zuber
27%
STChristian Fassnacht
24%
DFEray Cömert
24%
DFLoris Benito
18%
DFBecir Omeragic
15%
DFJordan Lotomba
15%

Verteilung der Resultate

Perzentil nach korrekt beantworteten Fragen

Anzahl Personen mit jedem Resultat

Ihre Resultats-Entwicklung

Sie haben dieses Quiz noch nicht gespielt